000 01194nam a2200277Ia 4500
003 OSt
005 20221005105149.0
006 a|||||r|||| 00| 0
007 ta
008 221004b |||||||| |||| 00| 0 hin d
020 _a8179750884 (hbk)
_c250
024 _a97646
037 _b429, 25/03/2009, Swaraj Prakashan
_cTextual
040 _aCRL
_cCRL
_bhin
041 _2hin
_ahin
082 _aQ23:45.25296, 152P4
100 _aपाण्डेय, विजय कुमार
245 0 _aइतिहास एंव पुरातत्व में अयोध्या के नागेश्वरनाथ
246 _aItihās eanva purātatva mean ayodhyā ke nāgeshvaranātha
260 _aनई दिल्ली
_bअनामिका पब्लिशर्स एण्ड डिस्ट्रीब्यूटर्स भारत
_c2004
300 _a83पृ0
_ccm.
650 _a शैववाद धर्म
650 _aधर्मशास्त्र
942 _hQ23:45.25296, 152P4
_cTEXL
_2cc
999 _c1014972
_d1014972